000 00952cam a22001935a 4500
001 L155811
008 120417s1817 xxk f 000 0 eng d
035 _a(Sirsi) u155811
041 0 _aeng
100 1 _aCary, John
_dca. 1754-1835
245 0 0 _aCary's traveller's companion
_bor, a delineation of the turnpike roads of England and Wales; shewing the immediate route to every market and borough town throughout the kingdom, laid down from the best authorities, on a new set of county maps. To which is added, an alphabetical list of all the market towns, with the days on which they are held
260 _aLondon
_bPrinted for John Cary
_c1817
300 _a[45] leaves, 18 p.
_bmaps (1 folded)
_c18 cm.
520 _aMaps show roads with distances, and have a list of distances of towns from London.
583 _aCondition reviewed
_c20120620
_lcondition level 1
651 4 _aGreat Britain
_y1707-
690 _aInfrastructure
_96246
942 _n0
999 _c113843
_d113843